书目信息 |
| 题名: |
成功营销的99攻略
|
|
| 作者: | 晓东 编著 | |
| 分册: | ||
| 出版信息: | 北京 中国经济出版社 2007.01 |
|
| 页数: | 233页 | |
| 开本: | 24cm | |
| 丛书名: | ||
| 单 册: | ||
| 中图分类: | F713.50 | |
| 科图分类: | ||
| 主题词: | 市场营销学--shi chang ying xiao xue | |
| 电子资源: | ||
| ISBN: | 7-5017-7427-7 | |
| 000 | 00763nam0 2200217 450 | |
| 001 | 012007951390 | |
| 005 | 20070518155228.12 | |
| 010 | @a7-5017-7427-7@dCNY29.80 | |
| 100 | @a20070209d2007 km y0chiy0120 ea | |
| 101 | 0 | @achi |
| 102 | @aCN@b110000 | |
| 105 | @ay z 000yy | |
| 200 | 1 | @a成功营销的99攻略@Acheng gong ying xiao de 99 gong lue@f晓东编著@Fxiao dong bian zhu |
| 210 | @a北京@c中国经济出版社@d2007.01 | |
| 215 | @a233页@d24cm | |
| 330 | @a本书讲述了99个经典的营销法则, 展示了众多优秀企业和人士将他们的奇思妙想通过灵活运用营销学原理和相关的独特技巧付诸于营销实战当中的成功实例。 | |
| 606 | 0 | @a市场营销学@Ashi chang ying xiao xue |
| 690 | @aF713.50@v4 | |
| 701 | 0 | @a晓东@Axiao dong@4编著 |
| 801 | 0 | @aCN@c20070518 |
| 905 | @a10447@dF713.50@eX389 | |
| 成功营销的99攻略/晓东编著.-北京:中国经济出版社,2007.01 |
| 233页;24cm |
| ISBN 7-5017-7427-7:CNY29.80 |
| 本书讲述了99个经典的营销法则, 展示了众多优秀企业和人士将他们的奇思妙想通过灵活运用营销学原理和相关的独特技巧付诸于营销实战当中的成功实例。 |
| ● |
| 相关链接 |
|
|
|
正题名:成功营销的99攻略
索取号:F713.50/X389
 
预约/预借
| 序号 | 登录号 | 条形码 | 馆藏地/架位号 | 状态 | 备注 |
| 1 | 236385 | 202363851 | 社科库409/409社科库 43排7列2层/ [索取号:F713.50/X389] | 在馆 | |
| 2 | 236386 | 202363860 | 社科库409/409社科库 43排7列2层/ [索取号:F713.50/X389] | 在馆 | |
| 3 | 236387 | 202363879 | 社科库409/409社科库 43排7列2层/ [索取号:F713.50/X389] | 在馆 |